000 00568cam a2200205 a 4500
001 3559670
005 20250124105554.0
008 980218s1999 maua b 001 0 eng
020 _a025617329X
020 _a9780256173291
050 0 0 _aHJ257.2
_b.R67 1999
082 0 0 _a336.73
_221
100 1 _aRosen, Harvey S.
245 1 0 _aPublic finance /
_cHarvey S. Rosen.
250 _a5th ed.
260 _aBoston :
_bIrwin/McGraw-Hill,
_cc1999.
300 _axxxii, 573 p. :
_bill. ;
_c25 cm.
650 0 _aFinance, Public
_zUnited States.
942 _2lcc
_cBK
_e5th Ed.
_n0
999 _c2979
_d2979